Put the Alphabet Back into the Russian City - Statistics

General Stats
  • This quiz has been taken 58 times
  • The average score is 16 of 22
Answer Stats
Hint Explanation Answer % Correct
Saint Peterburg Saint Petersburg S
93%
Prm Perm E
84%
Mosow Moscow C
82%
Stavrool Stavropol P
82%
Volograd Volgograd G
80%
Samaa Samara R
80%
Osk Omsk M
78%
Rosov-on-Don Rostov-on-Don T
78%
Krasnoar Krasnodar D
76%
Ua Ufa F
76%
Novosbirsk Novosibirsk I
76%
Nizhny Novgrod Nizny Novgorod O
76%
Chelybinsk Chelyabinsk A
71%
Rasnoyarsk Krasnoyarsk K
71%
Voroneh Voronezh Z
71%
Ekaterinburg Yekaterinburg Y
69%
Tymen Tyumen U
64%
Sarato Saratov V
62%
Makhackala Makhachkala H
58%
Toyatti Tolyatti L
58%
Arnaul Barnaul B
56%
Naberezhye Chelny Naberezhnye Chelny N
56%
No matching quizzes found
Score Distribution
Percent of People with Each Score
Percentile by Number Answered
Your Score History
You have not taken this quiz